Statistiques concernant Les communes du Pays de Gex sur une carte

Cliquez ici pour prendre le quiz!

Statistiques générales

  • Ce quiz a été pris 36 fois
  • Le résultat moyen est 12 sur 27

Réponses sur la Carte

Les réponses sont colorées sur une échelle allant du rouge au vert en fonction du pourcentage des utilisateurs qui les ont devinées à leur premier essai. Vous pouvez retrouver ces pourcentages ci-dessous.
 

Statistiques - réponses

Communes% Correct
Gex
92%
Divonne-les-Bains
76%
Ferney-Voltaire
76%
Saint-Genis-Pouilly
72%
Thoiry
68%
Cessy
56%
Crozet
56%
Prévessin-Moëns
52%
Ségny
52%
Échenevex
48%
Péron
48%
Chevry
44%
Ornex
44%
Versonnex
44%
Vesancy
40%
Grilly
36%
Lélex
36%
Sauverny
36%
Collonges
32%
Mijoux
32%
Challex
28%
Saint-Jean-de-Gonville
24%
Sergy
24%
Léaz
20%
Pougny
20%
Farges
16%
Chézery-Forens
8%

Distribution des résultats

Percentile par nombre de réponses

% des personnes avec chaque résultat

Votre développement - résultats

Vous n’avez pas pris ce quiz